| 000 | 00513nam a2200169 a 4500 | ||
|---|---|---|---|
| 001 | 000037718 | ||
| 005 | 20201002031115.0 | ||
| 008 | 121115s2012 dr 000 0 spa d | ||
| 020 | _a9789945164848 | ||
| 040 |
_aDO-SdBNP _bspa _cBNPHU |
||
| 100 | 1 |
_aHernández Abad, Adriano _91160 |
|
| 245 | 1 | 0 |
_aBoca de diablo y corazón de Dios / _cAdriano Hernández Abad. |
| 250 | _a2a ed. | ||
| 260 |
_aSanto Domingo : _bBúho , _c2012. |
||
| 300 |
_a197 p. : ; _c22 cm. |
||
| 500 | _aBreve biografía del autor en la solapa | ||
| 999 |
_c37208 _d37208 |
||